Les Troyennes /

Main Author: Euripidés, asi 480 př. Kr.-406 př. Kr.
Other Authors: Parmentier, León
Language: French
Greek, Ancient (to 1453)
Published: Paris : Société d' Edition "Les belles lettres", 1925
Series: Collection des universités de France
Physical Description: 81 s.
Language note: Částečně francouzsky
Book
Saved in:
LEADER 01027nam a22003012a 4500
001 001886695
003 CZ BrMZK
005 20240228111155.0
007 ta
008 240221s1925 fr er|||||||||||grc d
040 |a BOA001  |b cze  |e aacr2 
041 1 |a grc  |a fre 
072 7 |a 821.14'02-2  |x Řecké antické drama  |2 Konspekt  |9 25 
100 0 |a Euripidés,  |d asi 480 př. Kr.-406 př. Kr.  |7 jn19981001000  |4 aut 
245 1 4 |a Les Troyennes /  |c Euripide ; texte établi par León Parmentier 
260 |a Paris :  |b Société d' Edition "Les belles lettres",  |c 1925 
300 |a 81 s. 
490 1 |a Collection des universités de France 
504 |a Obsahuje bibliografické odkazy 
546 |a Částečně francouzsky 
655 7 |a dramata  |7 fd132072  |2 czenas 
700 1 |a Parmentier, León  |4 edt 
830 0 |a Collection des universités de France 
910 |a BOA001  |b 1-0197.894 
990 |a BK 
993 |a Y 
991 |b 202402 
996 6 |b BC-2484700  |c 1-0197.894  |l MZK  |r Sklad / do 1 hodiny  |n 0  |w 001954681  |u 000010  |a 1  |e BOA001  |j MZK50  |s P